[Event "Omsk-ch sf op"]
[Site "Omsk"]
[Date "2007.12.09"]
[Round "8"]
[White "Karabut, Vladimir"]
[Black "Khizhniak, Alexei"]
[Result "1-0"]
[WhiteElo "2104"]
[BlackElo "2113"]
[PlyCount "61"]
[EventDate "2007.12.01"]
[EventType "swiss"]
[EventRounds "9"]
[EventCountry "RUS"]
[SourceTitle "EXT 2022"]
[Source "ChessBase"]
[SourceDate "2021.10.06"]
[SourceVersion "1"]
[SourceVersionDate "2021.10.06"]
[SourceQuality "1"]

1. d4 Nf6 2. Nf3 g6 3. Nc3 Bg7 4. e4 d6 5. Be2 0-0 6. Bg5 h6 7. Bf4 c6 8. Qd2 Kh7 9. h3 b5 10. a3 Nbd7 11. 0-0 Bb7 12. Rad1 a5 13. e5 Ne8 14. h4 Nb6 15. h5 Nc4 16. Bxc4 bxc4 17. Qe2 Ba6 18. e6 fxe6 19. hxg6+ Kh8 20. Qe3 Rxf4 21. Qxf4 Nf6 22. Rfe1 Bc8 23. Qh4 Kg8 24. Nd2 Nd5 25. Nxc4 Rb8 26. Nxd5 cxd5 27. Ne3 Rxb2 28. Ng4 Qf8 29. Re3 Bf6 30. Nxh6+ Kg7 31. Nf5+ 1-0

[Event "Omsk-ch sf op"]
[Site "Omsk"]
[Date "2007.12.08"]
[Round "7"]
[White "Khizhniak, Alexei"]
[Black "Adamson, Garry"]
[Result "1-0"]
[WhiteElo "2113"]
[BlackElo "2144"]
[PlyCount "55"]
[EventDate "2007.12.01"]
[EventType "swiss"]
[EventRounds "9"]
[EventCountry "RUS"]
[SourceTitle "EXT 2022"]
[Source "ChessBase"]
[SourceDate "2021.10.06"]
[SourceVersion "1"]
[SourceVersionDate "2021.10.06"]
[SourceQuality "1"]

1. c4 e5 2. g3 Nc6 3. Bg2 g6 4. e4 Bg7 5. Ne2 Nge7 6. 0-0 d6 7. h3 Be6 8. d3 Qd7 9. Kh2 h6 10. Nbc3 Nd4 11. Nxd4 exd4 12. Ne2 0-0-0 13. b4 f5 14. Nf4 Bf7 15. c5 Be5 16. exf5 Bxf4 17. Bxf4 g5 18. cxd6 gxf4 19. dxe7 Qxe7 20. Qf3 fxg3+ 21. fxg3 Bd5 22. f6 Qf7 23. Qf5+ Kb8 24. Be4 Rhf8 25. Rf2 Rd6 26. Raf1 Bxa2 27. g4 Qg8 28. Qh5 1-0